000 00441nam a2200145 4500
999 _c12514
_d12514
008 190129b ||||| |||| 00| 0 eng d
022 _a2094-8042
082 _2DPer 370.105 M72 Jan-Dec 2011 v59-60
100 _935283
_aAgbuya, Rosario.
245 _aPasukan na/
_cRosario Agbuya.
260 _aPhilippines:
_bIn the Grade School, Inc.,
_cc2011.
300 _av60 n1, page 36;
_c27 cm.
650 _aPoetry.
_935284
942 _2ddc
_cPER